Mathematics and the life sciences: selected lectures

Guardat en:
Dades bibliogràfiques
Autor principal: Matthews, David Edward (autor)
Autor corporatiu: Canadian Mathematical Congress Society (Autor)
Format: Llibre
Idioma:anglès
Publicat: Berlín Springer-Verlag 1977
Col·lecció:Lecture notes in biomathematics, 18
Matèries:
Etiquetes: Afegir etiqueta
Sense etiquetes, Sigues el primer a etiquetar aquest registre!

MARC

LEADER 00000nam a2200000 a 4500
001 UCY2664
003 CL-VaPUC
008 941110e19770000GW |||||||||||||||||eng|d
082 0 4 |a 570.15195  |b MAT  |2 21 
100 |a Matthews, David Edward  |e autor  |9 420546 
110 2 |a Canadian Mathematical Congress Society  |e author  |9 330745 
245 1 0 |a Mathematics and the life sciences: selected lectures 
300 |a 385 p 
942 |c BK 
945 |d 19941110 00:00:00  |a mfernand 
260 |a Berlín  |b Springer-Verlag  |c 1977 
650 7 |a BIOMATEMATICAS  |2 CL-VaPUC  |9 260148 
650 0 |a Matemática  |9 260235 
583 |a last modification  |c 19941110 00:00:00  |k Rodrigo Vera 
490 0 |a Lecture notes in biomathematics, 18 
999 |c 231019  |d 231017 
952 |0 0  |1 0  |2 ddc  |4 0  |6 570_151950000000000_MAT_1977  |7 0  |8 CCM  |9 233773  |a BIBCUR  |b BIBCUR  |c PAC  |d 2019-11-15  |i 3032795  |o 570.15195 MAT 1977  |p 3032795  |r 2025-04-22  |w 2019-11-15  |y BK  |k CIM